| 000 | 01317nam a2200325 c 4500 | ||
|---|---|---|---|
| 003 | BLK | ||
| 005 | 20180422100315.0 | ||
| 008 | 180408b bul|||||r ||||||| ||bul|| | ||
| 010 | _aKNG00037304000 | ||
| 020 |
_a954-459-878-2 _bиздат.: Хермес |
||
| 040 | _aBLK | ||
| 041 |
_aBUL _cBUL |
||
| 080 |
_aАмериканска литература (на САЩ) _b821.111(73) _x-312.4 _z821.111(73)-312.4 |
||
| 100 | 1 |
_aДжордж, Елизабет _eпърви автор _9262299 |
|
| 700 | 1 |
_aАтанасова, Валентина _eпрев. от англ. _gТодорова, Валентина Атанасова _9365692 |
|
| 139 |
_aДжордж, Елизабет _bД 52 |
||
| 245 | 1 | 0 |
_aС умисъл за измама _bРоман _cЕлизабет Джордж; прев. от англ. Валентина Атанасова. |
| 257 | _aUSA | ||
| 260 |
_аПловдив _bХермес _c2001 _fХасково : Полиграфюг |
||
| 300 |
_a511 с. _c20 см |
||
| 380 | _aX | ||
| 490 | 1 |
_aМегаселър _v№ 80 |
|
| 500 | _aОриг. загл. Deception on His Mind / Elizabeth George. - Офс. изд. | ||
| 653 | _aкрими | ||
| 852 | _aЦб 209845 | ||
| 856 | 4 |
_qpdf _u |
|
| 856 | 4 |
_qpdf _u |
|
| 942 |
_cKNG _n0 |
||
| 944 |
_aCR _c07.04.2003 _kЛюдмила_Стоянова |
||
| 944 |
_aED _c08.04.2005 _k |
||
| 999 |
_c34600 _d34600 |
||